Statistiques concernant Harry Potter: les Géants

Cliquez ici pour prendre le quiz!

Statistiques générales

  • Ce quiz a été pris 49 fois
  • Le résultat moyen est 7 sur 10

Statistiques - réponses

InformationRéponse% Correct
Hybride connueOlympe Maxime
98%
Hybride connuRubeus Hagrid
98%
Géant connuGraup
95%
Derniere apparitionHarry Potter et les Reliques de la Mort
95%
DescriptionHumanoïde, Grand
90%
Première apparitionHarry Potter et la Coupe de Feu
88%
Hauteur6 à 8 mètres
48%
Géante connueFridluva
43%
StatutEtre
38%
CaracèreViolent
18%

Distribution des résultats

Percentile par nombre de réponses

% des personnes avec chaque résultat

Votre développement - résultats

Vous n’avez pas pris ce quiz